[Event "DEM U10/U10w 2014"]
[Site "Magdeburg GER"]
[Date "2014.06.12"]
[Round "8"]
[White "Stockmann, Till"]
[Black "Wiemann, Vanessa"]
[Result "1-0"]
[Termination "normal"]
[Board "42"]
[WhiteElo "1162"]
[BlackElo "1034"]
[PlyCount "195"]
[WhiteFideId "12979341"]
[BlackFideId "12942987"]
[EventCountry "GER"]
[EventRounds "11"]
[EventType "swiss"]
[EventDate "2014.06.07"]

1. e4 e5 2. Nf3 Nc6 3. Bc4 Bc5 4. c3 Nf6 5. d4 exd4 6. cxd4 Bb4+ 7. Nc3 Nxe4 8.
O-O Nxc3 9. bxc3 Bxc3 10. Ba3 d6 11. Qb3 O-O 12. Qxc3 Bg4 13. Bb2 d5 14. Rfe1
Bxf3 15. Qxf3 dxc4 16. d5 Ne7 17. Qc3 f6 18. Ba3 Re8 19. Qxc4 Kh8 20. Rad1 Rc8
21. Qb3 b6 22. d6 cxd6 23. Bxd6 Ng6 24. Rf1 Rc6 25. Bb4 Qc7 26. Qa4 Rc8 27.
Rfe1 a5 28. Bd6 Qb7 29. Bg3 h6 30. Qe4 Nf8 31. h3 b5 32. Bf4 Rb6 33. Qf5 a4 34.
Bd6 Rd8 35. Bxf8 Rxf8 36. Rd7 Qc6 37. Kh2 b4 38. Ree7 Rg8 39. Qg4 f5 40. Qg3
Qg6 41. Qc7 Ra6 42. Re2 b3 43. axb3 axb3 44. Rb2 Ra3 45. Qc4 Rb8 46. Qd3 Qf6
47. Qd2 Qe5+ 48. g3 Kh7 49. Rd3 Qe6 50. Qd1 Qb6 51. Qb1 h5 52. Rf3 Qb7 53. Rxf5
g6 54. Rxh5+ Kg7 55. Rg5 Qb6 56. Re5 Rb7 57. Re3 Qb5 58. Qe1 Qb4 59. Qxb4 Rxb4
60. Kg2 Kf6 61. Kf1 Kf5 62. Kg2 Kf6 63. Kf3 Kf5 64. Ree2 g5 65. Ke3 Rc4 66. Kd3
Rc7 67. Kd4 Rc8 68. Kd5 Rc7 69. Re3 Rd7+ 70. Kc6 Rd8 71. Rexb3 Rxb3 72. Rxb3
Rc8+ 73. Kd7 Rh8 74. Kd6 Rd8+ 75. Kc5 Rc8+ 76. Kd4 Rd8+ 77. Ke3 Re8+ 78. Kf3
Rh8 79. Kg2 g4 80. Rb5+ Kf6 81. hxg4 Rg8 82. g5+ Rxg5 83. Rxg5 Kxg5 84. Kf3 Kf5
85. Ke3 Kg4 86. Ke4 Kg5 87. Ke5 Kg4 88. f4 Kxg3 89. f5 Kf3 90. f6 Ke3 91. f7
Ke2 92. f8=Q Ke3 93. Qf4+ Ke2 94. Qg3 Kf1 95. Qh2 Ke1 96. Ke4 Kd1 97. Kd3 Kc1
98. Qc2# 1-0

[Event "DEM U10/U10w 2014"]
[Site "Magdeburg GER"]
[Date "2014.06.12"]
[Round "8"]
[White "Basovskiy, Jana"]
[Black "Bossert, Moritz"]
[Result "0-1"]
[Termination "normal"]
[Board "43"]
[WhiteElo "1157"]
[BlackElo "953"]
[PlyCount "148"]
[WhiteFideId "16208617"]
[BlackFideId "16239946"]
[EventCountry "GER"]
[EventRounds "11"]
[EventType "swiss"]
[EventDate "2014.06.07"]

1. e4 e6 2. Qe2 Bc5 3. g3 Ne7 4. Bg2 d5 5. d3 Nbc6 6. Bd2 Bd7 7. Nf3 b6 8. O-O
O-O 9. Re1 Nd4 10. Nxd4 Bxd4 11. Bc3 Bxc3 12. Nxc3 d4 13. Nb1 c5 14. Nd2 Bc6
15. Nf3 f6 16. Rad1 e5 17. c3 Qc7 18. cxd4 cxd4 19. Rc1 Rac8 20. b4 Qd6 21. a3
a5 22. Qa2+ Kh8 23. bxa5 bxa5 24. Rb1 Rb8 25. Bh3 Bb5 26. Red1 Bd7 27. Bxd7
Qxd7 28. Rxb8 Rxb8 29. Rb1 Rxb1+ 30. Qxb1 h6 31. Qb8+ Qc8 32. Qxc8+ Nxc8 33.
Kf1 Kg8 34. Ke2 Kf7 35. Kd2 a4 36. Ne1 g5 37. Nc2 Ke6 38. Nb4 f5 39. Nd5 fxe4
40. dxe4 Nd6 41. Kd3 g4 42. Nb6 Nb5 43. Nxa4 Nxa3 44. Nc5+ Kd6 45. Nb7+ Kc7 46.
Na5 Kb6 47. Nc4+ Nxc4 48. Kxc4 Kc6 49. Kd3 Kc5 50. Ke2 Kc4 51. Kd2 d3 52. Kd1
Kd4 53. Kd2 Kxe4 54. Kd1 Kf3 55. Kd2 e4 56. Ke1 e3 57. fxe3 Kxe3 58. Kd1 d2 59.
Kc2 Ke2 60. Kc3 d1=Q 61. Kc4 Qd3+ 62. Kc5 Ke3 63. Kc6 Qd4 64. Kc7 Qd5 65. Kc8
Qd6 66. h4 gxh3 67. g4 Qe7 68. g5 hxg5 69. Kb8 Qd7 70. Ka8 Kd4 71. Kb8 Kc5 72.
Ka8 Kc6 73. Kb8 Qc7+ 74. Ka8 Qb7# 1-0

[Event "DEM U10/U10w 2014"]
[Site "Magdeburg GER"]
[Date "2014.06.12"]
[Round "8"]
[White "Kind, Swantje"]
[Black "Fischer, Laura"]
[Result "0-1"]
[Termination "normal"]
[Board "44"]
[WhiteElo "938"]
[BlackElo "1091"]
[PlyCount "70"]
[BlackFideId "16208935"]
[EventCountry "GER"]
[EventRounds "11"]
[EventType "swiss"]
[EventDate "2014.06.07"]

1. e4 e5 2. Nf3 Nc6 3. d4 exd4 4. Bc4 Nf6 5. O-O Bc5 6. Re1 O-O 7. Bg5 d6 8. c3
Bg4 9. Be2 Re8 10. cxd4 Bxf3 11. d5 Bxe2 12. Rxe2 Nd4 13. Re1 Qe7 14. Nc3 Qe5
15. Bxf6 Qxf6 16. Qg4 Nc2 17. Rac1 Nxe1 18. Rxe1 Bxf2+ 19. Kf1 Bxe1+ 20. Kxe1
Qd4 21. Ne2 Qxe4 22. Qxe4 Rxe4 23. Kd2 Rae8 24. Nc3 Rd4+ 25. Kc2 c6 26. dxc6
bxc6 27. Nd1 Re2+ 28. Kb3 Rxd1 29. a3 Rb1 30. Kc3 Rbxb2 31. g3 Rxh2 32. a4 Rhg2
33. a5 Rbf2 34. a6 Rxg3+ 35. Kd4 Rf4# 0-1

[Event "DEM U10/U10w 2014"]
[Site "Magdeburg GER"]
[Date "2014.06.12"]
[Round "8"]
[White "Kiesel, Lara"]
[Black "Paulsen, Niels-Martin"]
[Result "0-1"]
[Termination "normal"]
[Board "46"]
[WhiteElo "893"]
[BlackElo "1043"]
[PlyCount "58"]
[WhiteFideId "12973785"]
[BlackFideId "16214994"]
[EventCountry "GER"]
[EventRounds "11"]
[EventType "swiss"]
[EventDate "2014.06.07"]

1. e4 e5 2. Nf3 Nc6 3. Bb5 Nge7 4. O-O g6 5. Nc3 Bg7 6. d3 O-O 7. Be3 d6 8. h3
Be6 9. Qd2 a6 10. Ba4 Qd7 11. Ng5 Bh6 12. Nxe6 Bxe3 13. Qxe3 Qxe6 14. Bb3 Qd7
15. Ba4 b5 16. Bb3 Nd4 17. Qd2 c6 18. Ne2 Nxb3 19. cxb3 Rfd8 20. d4 f6 21. dxe5
dxe5 22. Qxd7 Rxd7 23. Rfd1 Rad8 24. Rxd7 Rxd7 25. g4 Rd2 26. Nc3 Rxb2 27. Rd1
b4 28. Ne2 Rxe2 29. Rd8+ Kf7 0-1

[Event "DEM U10/U10w 2014"]
[Site "Magdeburg GER"]
[Date "2014.06.12"]
[Round "8"]
[White "Limbach, Anna-Lena"]
[Black "Ultsch, Paul"]
[Result "1/2-1/2"]
[Termination "normal"]
[Board "47"]
[WhiteElo "1091"]
[BlackElo "1024"]
[PlyCount "42"]
[WhiteFideId "12980412"]
[BlackFideId "12955965"]
[EventCountry "GER"]
[EventRounds "11"]
[EventType "swiss"]
[EventDate "2014.06.07"]

1. e4 e5 2. Nf3 Nc6 3. d4 exd4 4. Nxd4 Nf6 5. Nxc6 bxc6 6. Nc3 Bb4 7. f3 O-O 8.
Bd2 d6 9. a3 Bc5 10. Bc4 Re8 11. Qe2 d5 12. Bd3 Bf5 13. O-O-O Qd6 14. Rde1 Qf8
15. g4 Bg6 16. Qg2 Qd6 17. h4 h6 18. g5 hxg5 19. hxg5 Nh5 20. Qh3 Qg3 21. Qxg3
Nxg3 1/2-1/2

[Event "DEM U10/U10w 2014"]
[Site "Magdeburg GER"]
[Date "2014.06.12"]
[Round "8"]
[White "Unbehend, Marius"]
[Black "Heutling, Elina"]
[Result "0-1"]
[Termination "normal"]
[Board "48"]
[WhiteElo "796"]
[BlackElo "962"]
[PlyCount "38"]
[WhiteFideId "16214420"]
[BlackFideId "16244729"]
[EventCountry "GER"]
[EventRounds "11"]
[EventType "swiss"]
[EventDate "2014.06.07"]

1. e4 e5 2. Nf3 Nc6 3. Bc4 Bc5 4. d3 Nf6 5. Bg5 h6 6. Bxf6 Qxf6 7. O-O O-O 8.
Nc3 d6 9. Nd5 Qg6 10. Bb5 Bh3 11. Nh4 Qg5 12. Qf3 Nd4 13. Qg3 Ne2+ 14. Kh1
Nxg3+ 15. hxg3 Be6 16. Nxc7 Rac8 17. Nxe6 fxe6 18. f3 Qxg3 19. Bd7 Qxh4# 0-1

[Event "DEM U10/U10w 2014"]
[Site "Magdeburg GER"]
[Date "2014.06.12"]
[Round "8"]
[White "Münch, Michelle"]
[Black "Schneider, Katharina"]
[Result "0-1"]
[Termination "normal"]
[Board "49"]
[WhiteElo "858"]
[BlackElo "929"]
[PlyCount "140"]
[BlackFideId "16200519"]
[EventCountry "GER"]
[EventRounds "11"]
[EventType "swiss"]
[EventDate "2014.06.07"]

1. e4 e5 2. Nf3 Nc6 3. Bc4 Bc5 4. c3 Nf6 5. d4 exd4 6. e5 Ne4 7. Bd5 Nxf2 8.
Kxf2 dxc3+ 9. Ke1 cxb2 10. Bxb2 O-O 11. Nc3 d6 12. Na4 Bb6 13. Nxb6 axb6 14.
Kf2 dxe5 15. Re1 Re8 16. Kg1 Be6 17. Qd3 Bxd5 18. Rad1 Bxa2 19. Qe2 Qc8 20. Qc2
f6 21. Re4 Qf5 22. Re2 Qxc2 23. Rxc2 Bb3 24. Ne1 Bxc2 25. Nxc2 Red8 26. Rf1 Nd4
27. Ne3 Ne2+ 28. Kh1 c5 29. Nf5 Kf7 30. Bxe5 fxe5 31. Ng3+ Kg6 32. Nxe2 Rd7 33.
h3 b5 34. Ng1 c4 35. Nf3 Re8 36. Nh4+ Kh5 37. g3 g6 38. Nf3 Rf7 39. g4+ Kh6 40.
g5+ Kg7 41. Rd1 c3 42. Rc1 b4 43. h4 e4 44. Nd4 e3 45. Ne2 h6 46. Rc2 hxg5 47.
hxg5 Rf2 48. Kg1 Rxe2 49. Rxe2 b3 50. Re1 c2 51. Ra1 b2 52. Ra7 c1=Q+ 53. Kg2
Qc2+ 54. Kf3 Rf8+ 55. Kxe3 Re8+ 56. Kd4 Rd8+ 57. Ke3 Qc5+ 58. Kf3 Qxa7 59. Kf4
Rf8+ 60. Ke5 Qe3+ 61. Kd5 Rd8+ 62. Kc4 Qc3+ 63. Kxc3 b1=Q 64. Kc4 Qc1+ 65. Kb5
Rd5+ 66. Kb6 Qc6+ 67. Ka7 b5 68. Kb8 Rd8+ 69. Ka7 Rd7+ 70. Kb8 Qb7# 0-1

[Event "DEM U10/U10w 2014"]
[Site "Magdeburg GER"]
[Date "2014.06.13"]
[Round "9"]
[White "Brunner, Sophia"]
[Black "Keymer, Vincent"]
[Result "0-1"]
[Termination "normal"]
[Board "1"]
[WhiteElo "1339"]
[BlackElo "2036"]
[WhiteClock "00:15:25"]
[BlackClock "01:05:02"]
[PlyCount "44"]
[WhiteFideId "12960683"]
[BlackFideId "12940690"]
[EventCountry "GER"]
[EventRounds "11"]
[EventType "swiss"]
[EventDate "2014.06.07"]

1. d4 Nf6 2. Bg5 d5 3. Bxf6 exf6 4. Nc3 Bf5 5. f3 Bb4 6. Qd2 O-O 7. g4 Bg6 8.
h4 h6 9. O-O-O c6 10. g5 fxg5 11. Nh3 gxh4 12. Rg1 Nd7 13. f4 Kh8 14. e3 Qa5
15. Rg4 Nf6 16. Rxh4 Ne4 17. Qe1 Nxc3 18. bxc3 Qa3+ 19. Kd2 Bxc3+ 20. Ke2 Bxe1
21. Kxe1 Qxe3+ 22. Be2 Qg3+ 0-1

[Event "DEM U10/U10w 2014"]
[Site "Magdeburg GER"]
[Date "2014.06.13"]
[Round "9"]
[White "Hundrieser, Malte"]
[Black "Li, Simon"]
[Result "0-1"]
[Termination "normal"]
[Board "2"]
[WhiteElo "1429"]
[BlackElo "1814"]
[WhiteClock "00:00:39"]
[BlackClock "00:33:57"]
[PlyCount "112"]
[WhiteFideId "12997153"]
[BlackFideId "12972134"]
[EventCountry "GER"]
[EventRounds "11"]
[EventType "swiss"]
[EventDate "2014.06.07"]

1. e4 c5 2. Nf3 d6 3. d4 cxd4 4. Nxd4 Nf6 5. Nc3 g6 6. f4 Nc6 7. Be3 Bg7 8. Be2
O-O 9. O-O Bd7 10. Qd3 a6 11. Rad1 Rc8 12. Nxc6 Bxc6 13. Bf3 Nd7 14. Bd4 Bxd4+
15. Qxd4 Qb6 16. Qxb6 Nxb6 17. Rd3 Na4 18. b3 Nxc3 19. Rxc3 Rc7 20. Rd3 Rfc8
21. Rc1 Bd7 22. c3 Be6 23. Kf2 a5 24. Ke3 a4 25. Bd1 Kg7 26. Kf3 h5 27. h3 axb3
28. axb3 Rc6 29. c4 b5 30. Rdc3 bxc4 31. bxc4 Bxc4 32. Ke3 Bb5 33. Rxc6 Rxc6
34. Rxc6 Bxc6 35. Kd4 h4 36. Ke3 f5 37. exf5 gxf5 38. Kf2 e5 39. fxe5 dxe5 40.
g3 hxg3+ 41. Kxg3 Kf6 42. Be2 f4+ 43. Kf2 e4 44. Bd1 Kg5 45. Bg4 Be8 46. Bc8
Bh5 47. Bb7 e3+ 48. Kg2 Kf5 49. Bc6 Ke5 50. Kf1 f3 51. Bb7 Kf4 52. Ba6 Kg3 53.
Bb7 Kxh3 54. Bc6 Kg3 55. Bd5 Bg4 56. Be4 Bh3+ 0-1

[Event "DEM U10/U10w 2014"]
[Site "Magdeburg GER"]
[Date "2014.06.13"]
[Round "9"]
[White "Trifan, Andrei Ioan"]
[Black "Dobrikov, Marco"]
[Result "1-0"]
[Termination "normal"]
[Board "3"]
[WhiteElo "1689"]
[BlackElo "1695"]
[WhiteClock "00:08:33"]
[BlackClock "00:16:30"]
[PlyCount "167"]
[WhiteFideId "12967068"]
[BlackFideId "12950378"]
[EventCountry "GER"]
[EventRounds "11"]
[EventType "swiss"]
[EventDate "2014.06.07"]

1. e4 e5 2. Nf3 Nf6 3. Nxe5 d6 4. Nf3 Nxe4 5. Nc3 Nxc3 6. dxc3 Be7 7. Bf4 O-O
8. Qd2 Nc6 9. O-O-O Bf5 10. Nd4 Bg6 11. Be2 Ne5 12. Kb1 Qd7 13. Bxe5 dxe5 14.
Nb5 Qxd2 15. Rxd2 Rfd8 16. Rhd1 Rxd2 17. Rxd2 Bd8 18. Rd7 Bf5 19. Rd5 f6 20.
Bc4 Kf8 21. Rd2 a6 22. Na3 Be7 23. f3 Bc5 24. g4 Bg6 25. h4 Ke7 26. h5 Be8 27.
Bd3 h6 28. b4 Ba7 29. Nc4 Rd8 30. Re2 Kf8 31. Kc1 Bf7 32. Na5 Rb8 33. Kb2 Bb6
34. Nb3 Rd8 35. Nd2 a5 36. b5 c6 37. a4 cxb5 38. Bxb5 Rc8 39. Ne4 Rd8 40. Rd2
Rxd2 41. Nxd2 Ke7 42. c4 Be3 43. Ne4 b6 44. Kc3 f5 45. Ng3 Bd4+ 46. Kd3 fxg4
47. f4 Ke6 48. Ke4 g6 49. hxg6 Bxg6+ 50. f5+ Bxf5+ 51. Nxf5 Bf2 52. Bc6 h5 53.
Be8 h4 54. Bh5 g3 55. Nxh4 Kd6 56. Be8 Ke6 57. Bb5 Kf6 58. Ng2 Ke6 59. Ne3 Kf6
60. Ng4+ Ke6 61. Nxf2 gxf2 62. c5 bxc5 63. Kf3 Kd5 64. Kxf2 Kd4 65. c4 e4 66.
Ke2 e3 67. Ba6 Ke4 68. Bb7+ Kd4 69. Bd5 Kc3 70. Kxe3 Kb4 71. Kd3 Kxa4 72. Kc3
Ka3 73. Be4 Ka2 74. Bc2 Ka3 75. Bb3 a4 76. Bc2 Ka2 77. Bxa4 Ka3 78. Bb5 Ka2 79.
Kd3 Kb3 80. Ke4 Kb4 81. Kd5 Ka5 82. Kc6 Kb4 83. Kb6 Kc3 84. Kxc5 1-0

[Event "DEM U10/U10w 2014"]
[Site "Magdeburg GER"]
[Date "2014.06.13"]
[Round "9"]
[White "Weishäutel, Moritz"]
[Black "Svane, Frederik"]
[Result "0-1"]
[Termination "normal"]
[Board "4"]
[WhiteElo "1801"]
[BlackElo "1801"]
[WhiteClock "00:05:12"]
[BlackClock "00:18:51"]
[PlyCount "78"]
[WhiteFideId "12967300"]
[BlackFideId "12923044"]
[EventCountry "GER"]
[EventRounds "11"]
[EventType "swiss"]
[EventDate "2014.06.07"]

1. e4 c5 2. Nf3 e6 3. d4 cxd4 4. Nxd4 a6 5. Bd3 Qb6 6. Nb3 Qc7 7. Qe2 d6 8. O-O
Nf6 9. c4 Be7 10. Nc3 O-O 11. Nd4 Nbd7 12. f4 b6 13. Kh1 Bb7 14. f5 Nc5 15.
fxe6 fxe6 16. Bc2 Qd7 17. Bd2 a5 18. a3 a4 19. Rfe1 Rae8 20. Qd1 Bd8 21. Bxa4
Nxa4 22. Qxa4 Qxa4 23. Nxa4 Nxe4 24. Be3 Nc5 25. Nxc5 dxc5 26. Nb5 Ba8 27. Rad1
Bf6 28. Nc7 Re7 29. Bf4 Bd4 30. Bd6 Rf2 31. Nxa8 Rd7 32. Be5 Rxb2 33. Bxd4 cxd4
34. Rxe6 d3 35. Rxb6 Re2 36. Rbb1 Rde7 37. h3 d2 38. Kh2 Rf2 39. Rf1 Rxf1 0-1

[Event "DEM U10/U10w 2014"]
[Site "Magdeburg GER"]
[Date "2014.06.13"]
[Round "9"]
[White "Nguyen, Alex Dac-Vuong"]
[Black "Hinrichs, Paul"]
[Result "1-0"]
[Termination "normal"]
[Board "5"]
[WhiteElo "1812"]
[BlackElo "1532"]
[WhiteClock "01:08:03"]
[BlackClock "00:47:30"]
[PlyCount "43"]
[WhiteFideId "12984388"]
[BlackFideId "12942545"]
[EventCountry "GER"]
[EventRounds "11"]
[EventType "swiss"]
[EventDate "2014.06.07"]

1. e4 e5 2. Nf3 Nc6 3. Bc4 Bc5 4. O-O Nf6 5. d4 exd4 6. e5 d5 7. exf6 dxc4 8.
fxg7 Rg8 9. Bg5 Qd5 10. Re1+ Be6 11. Nc3 Qf5 12. Ne4 Be7 13. Bxe7 Kxe7 14. Ng3
Qd5 15. Nh4 Kd7 16. Ne4 Ke7 17. f4 f5 18. Ng5 Nd8 19. Re5 Qc6 20. Nxf5+ Kf6 21.
Ne4+ Kf7 22. Qh5# 1-0

[Event "DEM U10/U10w 2014"]
[Site "Magdeburg GER"]
[Date "2014.06.13"]
[Round "9"]
[White "Krastev, Alexander"]
[Black "Bethke, Richard"]
[Result "1/2-1/2"]
[Termination "normal"]
[Board "7"]
[WhiteElo "1599"]
[BlackElo "1627"]
[PlyCount "149"]
[WhiteFideId "12989983"]
[BlackFideId "12959243"]
[EventCountry "GER"]
[EventRounds "11"]
[EventType "swiss"]
[EventDate "2014.06.07"]

1. e4 e5 2. Nf3 Nc6 3. Bc4 Nf6 4. d3 Bc5 5. c3 O-O 6. Bb3 Re8 7. Nbd2 d5 8. Qe2
Be6 9. Ng5 d4 10. Nxe6 fxe6 11. Nf3 Qd6 12. O-O Rad8 13. Rd1 dxc3 14. bxc3 Ng4
15. Be3 Bxe3 16. fxe3 Qc5 17. Ng5 Qxe3+ 18. Qxe3 Nxe3 19. Nxe6 Na5 20. Nxd8+
Nxb3 21. Nxb7 Nxa1 22. Rxa1 Rb8 23. Rb1 Nd1 24. Rxd1 Rxb7 25. Rd2 Kf7 26. Kf2
Ke6 27. Ke3 a5 28. d4 a4 29. Rc2 a3 30. Kd3 g5 31. g4 Kd6 32. h3 c5 33. d5 h6
34. Rd2 Rf7 35. Ke3 Rf1 36. Rf2 Re1+ 37. Kd3 c4+ 38. Kxc4 Rxe4+ 39. Kb3 Kxd5
40. Kxa3 Rf4 41. Rd2+ Kc4 42. Kb2 Rf3 43. Re2 Rxh3 44. Rxe5 Rh2+ 45. Kb1 Kxc3
46. Re3+ Kd4 47. Re6 Kd5 48. Rf6 Ke5 49. Rf5+ Ke6 50. Rb5 Rh4 51. Rb4 Kd5 52.
Kc2 Kc5 53. Re4 Rh2+ 54. Kb3 Kd5 55. Rb4 Ke5 56. a3 Rh3+ 57. Ka4 Rf3 58. Rb6
Rf4+ 59. Kb5 Rxg4 60. Rxh6 Rh4 61. Rc6 g4 62. Rc4 Kf5 63. a4 g3 64. Rc1 Kf4 65.
a5 g2 66. Rg1 Rg4 67. a6 Rg5+ 68. Kb6 Kf3 69. a7 Rg6+ 70. Kb7 Rg7+ 71. Kb8 Kf2
72. Rxg2+ Rxg2 73. a8=Q Rg8+ 74. Kb7 Rxa8 75. Kxa8 1/2-1/2

[Event "DEM U10/U10w 2014"]
[Site "Magdeburg GER"]
[Date "2014.06.13"]
[Round "9"]
[White "Hassemeier, Mika"]
[Black "Post, Hugo"]
[Result "1/2-1/2"]
[Termination "normal"]
[Board "8"]
[WhiteElo "1409"]
[BlackElo "1682"]
[PlyCount "42"]
[WhiteFideId "12994880"]
[BlackFideId "12962490"]
[EventCountry "GER"]
[EventRounds "11"]
[EventType "swiss"]
[EventDate "2014.06.07"]

1. c4 e5 2. Nc3 Nf6 3. Nf3 Nc6 4. d4 exd4 5. Nxd4 Bb4 6. Nxc6 bxc6 7. Bg5 Bxc3+
8. bxc3 h6 9. Bh4 O-O 10. Qd4 Ba6 11. e3 g5 12. Bg3 Nh7 13. Bd3 Bb7 14. O-O d6
15. Rab1 c5 16. Bxh7+ Kxh7 17. Qd3+ f5 18. Rxb7 Kh8 19. h3 f4 20. exf4 gxf4 21.
Bh2 f3 1/2-1/2

[Event "DEM U10/U10w 2014"]
[Site "Magdeburg GER"]
[Date "2014.06.13"]
[Round "9"]
[White "Hommel, Niclas"]
[Black "Deleré, Adrian"]
[Result "1-0"]
[Termination "normal"]
[Board "9"]
[WhiteElo "1575"]
[BlackElo "1447"]
[PlyCount "77"]
[WhiteFideId "12974927"]
[BlackFideId "12990400"]
[EventCountry "GER"]
[EventRounds "11"]
[EventType "swiss"]
[EventDate "2014.06.07"]

1. e4 e5 2. Nf3 Nc6 3. Bb5 a6 4. Ba4 Nf6 5. O-O b5 6. Bb3 Be7 7. Re1 O-O 8. c3
d6 9. h3 Bb7 10. d3 Re8 11. Nbd2 h6 12. Nf1 Bf8 13. Ng3 Na5 14. Bc2 c5 15. d4
exd4 16. cxd4 Nc6 17. a3 Nxd4 18. Nxd4 cxd4 19. Qxd4 Rc8 20. Qd1 d5 21. e5 Ne4
22. Bf4 f6 23. Nxe4 fxe5 24. Bxe5 Rxe5 25. Bb3 Kh8 26. Ng3 Qe7 27. Rxe5 Qxe5
28. Rc1 Qxb2 29. Rxc8 Bxc8 30. Qxd5 Kh7 31. Qg8+ Kg6 32. Qxf8 Qxb3 33. Qxc8
Qb1+ 34. Kh2 Qd3 35. Qe6+ Kg5 36. Qf7 g6 37. f4+ Kh4 38. Qf6+ g5 39. Qxh6# 1-0

[Event "DEM U10/U10w 2014"]
[Site "Magdeburg GER"]
[Date "2014.06.13"]
[Round "9"]
[White "Englert, Jon"]
[Black "Wu, Leon"]
[Result "1/2-1/2"]
[Termination "normal"]
[Board "10"]
[WhiteElo "1375"]
[BlackElo "1568"]
[PlyCount "63"]
[WhiteFideId "12992275"]
[BlackFideId "12977438"]
[EventCountry "GER"]
[EventRounds "11"]
[EventType "swiss"]
[EventDate "2014.06.07"]

1. e4 e5 2. Nf3 Nc6 3. d4 exd4 4. Nxd4 Bc5 5. Nxc6 Qf6 6. f3 Qxc6 7. Qd5 Ne7 8.
Qxc6 Nxc6 9. c3 O-O 10. Bc4 Re8 11. Bf4 d6 12. Nd2 Ne5 13. Bxe5 Rxe5 14. O-O-O
c6 15. Nb3 Be3+ 16. Kc2 Be6 17. Bxe6 Rxe6 18. Rd3 Bb6 19. Nd4 Bxd4 20. cxd4 Rc8
21. Rb3 b6 22. Kd3 c5 23. Rc3 Ree8 24. Rhc1 a5 25. a4 Kf8 26. Kc4 Ke7 27. Kd5
Kd7 28. Rd1 cxd4 29. Kxd4 Rxc3 30. bxc3 Kc6 31. c4 Re6 32. g3 1/2-1/2

[Event "DEM U10/U10w 2014"]
[Site "Magdeburg GER"]
[Date "2014.06.13"]
[Round "9"]
[White "Asadzade, Idris"]
[Black "Marschall, Tillmann"]
[Result "1-0"]
[Termination "normal"]
[Board "11"]
[WhiteElo "1448"]
[BlackElo "1423"]
[PlyCount "77"]
[WhiteFideId "12997285"]
[BlackFideId "12973220"]
[EventCountry "GER"]
[EventRounds "11"]
[EventType "swiss"]
[EventDate "2014.06.07"]

1. d4 d5 2. c4 c6 3. Nc3 Nf6 4. Nf3 Bf5 5. Bg5 e6 6. e3 Be7 7. Nh4 Bg6 8. Nxg6
hxg6 9. Qc2 dxc4 10. Bxc4 Nd5 11. Bxe7 Nxe7 12. Rd1 Nd7 13. a3 Nb6 14. Be2 Qc7
15. h3 O-O-O 16. b4 Ned5 17. Nxd5 exd5 18. Rc1 Rd7 19. Qd2 a6 20. Rc2 Re8 21.
O-O f5 22. Rfc1 Re6 23. Qc3 Rdd6 24. Qb3 Kd8 25. b5 axb5 26. Bxb5 g5 27. Bd3 g6
28. Rb1 Nd7 29. Qxb7 Qxb7 30. Rxb7 Re8 31. a4 f4 32. Re2 f3 33. gxf3 Rh8 34.
Kg2 Ke7 35. a5 Ra8 36. a6 Kd8 37. Reb2 Ke8 38. a7 Re6 39. Ba6 1-0

[Event "DEM U10/U10w 2014"]
[Site "Magdeburg GER"]
[Date "2014.06.13"]
[Round "9"]
[White "Yi, Danny"]
[Black "Musiolik, David"]
[Result "1/2-1/2"]
[Termination "normal"]
[Board "12"]
[WhiteElo "1369"]
[BlackElo "1435"]
[PlyCount "45"]
[WhiteFideId "12988588"]
[BlackFideId "12972355"]
[EventCountry "GER"]
[EventRounds "11"]
[EventType "swiss"]
[EventDate "2014.06.07"]

1. e4 e6 2. d4 d5 3. e5 c5 4. c3 Nc6 5. Nf3 Bd7 6. a3 Be7 7. b4 c4 8. Be2 h5 9.
Be3 Nh6 10. O-O Nf5 11. Qe1 b5 12. Nbd2 a5 13. h3 h4 14. Nh2 a4 15. Bg4 Qc7 16.
Bxf5 exf5 17. f4 O-O-O 18. Nhf3 Rdg8 19. Ng5 f6 20. exf6 Bxf6 21. Nf7 Rh7 22.
Ne5 g6 23. Rf2 1/2-1/2

[Event "DEM U10/U10w 2014"]
[Site "Magdeburg GER"]
[Date "2014.06.13"]
[Round "9"]
[White "Evering, Sören"]
[Black "Buchloh, Adrian"]
[Result "1/2-1/2"]
[Termination "normal"]
[Board "13"]
[WhiteElo "1424"]
[BlackElo "1463"]
[PlyCount "76"]
[WhiteFideId "12974650"]
[BlackFideId "12960675"]
[EventCountry "GER"]
[EventRounds "11"]
[EventType "swiss"]
[EventDate "2014.06.07"]

1. Nc3 d5 2. Nf3 Nc6 3. e4 d4 4. Ne2 e5 5. Ng3 Be6 6. Bb5 f6 7. d3 Qd7 8. O-O
Bd6 9. Bd2 Nge7 10. c3 dxc3 11. bxc3 Bc5 12. Be3 Bxe3 13. fxe3 a6 14. Bxc6 Qxc6
15. Qc2 Ng6 16. d4 Qd7 17. Rad1 Qe7 18. Rb1 b6 19. Rbd1 O-O 20. h3 Rfd8 21. d5
Bd7 22. Qb3 Kf8 23. Ng5 Qd6 24. Nf5 Bxf5 25. exf5 fxg5 26. fxg6+ Kg8 27. gxh7+
Kxh7 28. Qc2+ Kg8 29. e4 Rf8 30. Rxf8+ Rxf8 31. Qd2 Rf6 32. Kh1 Qe7 33. Kh2 Rd6
34. Qe2 b5 35. Rf1 Rf6 36. Rxf6 Qxf6 37. Qf3 Qd8 38. Qg4 Kh8 1/2-1/2

[Event "DEM U10/U10w 2014"]
[Site "Magdeburg GER"]
[Date "2014.06.13"]
[Round "9"]
[White "Kamp, Adrian"]
[Black "Grund, Sebastian"]
[Result "0-1"]
[Termination "normal"]
[Board "14"]
[WhiteElo "1310"]
[BlackElo "1424"]
[PlyCount "76"]
[WhiteFideId "16222466"]
[BlackFideId "12988626"]
[EventCountry "GER"]
[EventRounds "11"]
[EventType "swiss"]
[EventDate "2014.06.07"]

1. e4 c5 2. d4 cxd4 3. c3 d3 4. Bxd3 Nc6 5. Nf3 g6 6. O-O Bg7 7. Bf4 Nf6 8.
Nbd2 d6 9. Nb3 Nh5 10. Bg3 Bg4 11. h3 Bxf3 12. Qxf3 O-O 13. Rad1 Qb6 14. Rfe1
Nxg3 15. Qxg3 Ne5 16. Re2 Nxd3 17. Qxd3 Rac8 18. Qe3 Qa6 19. Nc1 Qa4 20. Red2
b6 21. a3 Qa6 22. Na2 Qb7 23. Nb4 Rfd8 24. f4 Rc4 25. e5 Bh6 26. g3 Re4 27. Qf2
Re8 28. exd6 exd6 29. Rxd6 Re2 30. Qf1 Bf8 31. Rd7 Bc5+ 32. R7d4 Bxd4+ 33. cxd4
Rxb2 34. Nd3 Ra2 35. Ne5 Rc8 36. g4 Rcc2 37. Nf3 Rxa3 38. Ne1 Rg3+ 0-1

[Event "DEM U10/U10w 2014"]
[Site "Magdeburg GER"]
[Date "2014.06.13"]
[Round "9"]
[White "Weihrauch, Jakob"]
[Black "Bui, Bao Anh Le"]
[Result "0-1"]
[Termination "normal"]
[Board "15"]
[WhiteElo "1220"]
[BlackElo "1551"]
[PlyCount "94"]
[WhiteFideId "16210115"]
[BlackFideId "12970719"]
[EventCountry "GER"]
[EventRounds "11"]
[EventType "swiss"]
[EventDate "2014.06.07"]

1. e4 c5 2. Nf3 d6 3. Nc3 a6 4. a4 Nc6 5. b3 g6 6. Bb2 Bg7 7. Bc4 e6 8. Rb1
Nge7 9. O-O O-O 10. Re1 Qc7 11. Na2 b5 12. Bxg7 Kxg7 13. Be2 b4 14. Qc1 d5 15.
Qb2+ Kg8 16. Bf1 Bb7 17. d3 d4 18. Nd2 Qf4 19. g3 Qf6 20. f4 e5 21. fxe5 Nxe5
22. Nc4 Nf3+ 23. Kg2 Nxe1+ 24. Rxe1 Rae8 25. Kg1 Nc6 26. Bg2 Ne5 27. Nd2 Ng4
28. Rf1 Qc6 29. Nc4 Qe6 30. Qc1 Re7 31. Qf4 f5 32. Bh3 Rff7 33. Nd6 Ne3 34.
Nxf7 Qxf7 35. Rf2 Bc8 36. Qb8 Qe8 37. Qf4 fxe4 38. Bxc8 Qxc8 39. dxe4 Qe8 40.
Qd6 Rf7 41. Rxf7 Qxf7 42. Qxa6 c4 43. Qc8+ Kg7 44. Qh3 Nxc2 45. bxc4 d3 46. Qg4
Ne3 47. Qh3 d2 0-1